[Event "WSCC 50 Open 2017"]
[Site "?"]
[Date "2017.11.11"]
[Round "5"]
[White "Jhunjhnuwala, Krishan"]
[Black "Fritsch, Rolf"]
[Result "*"]
[WhiteElo "2340"]
[BlackElo "2213"]
[PlyCount "104"]
[EventDate "2017.??.??"]
[EventType "swiss"]
[EventCountry "ITA"]
[SourceTitle "Acqui Terme"]
[TimeControl "40/5400+30:1800+30"]

1. e4 g6 2. d4 Bg7 3. Nc3 d6 4. Bc4 e6 5. Nf3 a6 6. a4 b6 7. O-O Ne7 8. Re1 h6 9. Bf4 O-O 10. Qd2 Kh7 11. Rad1 Bb7 12. h4 Nd7 13. Bd3 e5 14. dxe5 Nxe5 15. Nxe5 dxe5 16. Bg3 Qd4 17. Kh2 h5 18. Bf1 Bc6 19. f3 Qxd2 20. Rxd2 Bh6 21. Rdd1 f6 22. b4 Rfd8 23. Rxd8 Rxd8 24. Bxa6 Ra8 25. Bb5 Bd2 26. Rd1 Bxb5 27. Rxd2 Be8 28. b5 Kg7 29. f4 exf4 30. Bxf4 Kf7 31. Rd4 Ke6 32. Nd5 Nxd5 33. exd5+ Kd7 34. d6 c6 35. Re4 cxb5 36. axb5 Ra5 37. c4 Ra4 38. Re7+ Kd8 39. Be3 Bd7 40. Bxb6+ Kc8 41. c5 Rxh4+ 42. Kg1 Bxb5 43. c6 Bxc6 44. Rc7+ Kd8 45. Rxc6+ Kd7 46. Bf2 Ra4 47. Rb6 Rc4 48. Bg3 h4 49. Bh2 Rc1+ 50. Kf2 Rc2+ 51. Kf3 h3 52. Rb7+ Ke8 *

[Event "WSCC 50 Open 2017"]
[Site "?"]
[Date "2017.11.11"]
[Round "5"]
[White "Welling, Gerard"]
[Black "Verrascina, Roberto"]
[Result "1-0"]
[WhiteElo "2316"]
[BlackElo "2152"]
[PlyCount "51"]
[EventDate "2017.??.??"]
[EventType "swiss"]
[EventCountry "ITA"]
[SourceTitle "Acqui Terme"]
[TimeControl "40/5400+30:1800+30"]
[WhiteClock "0:35:30"]
[BlackClock "0:19:32"]

1. e4 {[%emt 0:00:00]} Nf6 {[%emt 0:00:36]} 2. d3 {[%emt 0:00:00]} d5 {[%emt 0:00:33]} 3. e5 {[%emt 0:00:35]} Nfd7 {[%emt 0:01:44]} 4. f4 {[%emt 0:00:05]} e6 {[%emt 0:01:54]} 5. Nf3 {[%emt 0:00:12]} c5 {[%emt 0:01:00]} 6. Be2 {[%emt 0:01:40]} f6 {[%emt 0:01:03]} 7. O-O {[%emt 0:00:33]} Nc6 {[%emt 0:00:25]} 8. c3 {[%emt 0:10:01]} fxe5 {[%emt 0:03:45]} 9. fxe5 {[%emt 0:00:44]} Ndxe5 {[%emt 0:03:30]} 10. Nxe5 {[%emt 0:00:03]} Nxe5 {[%emt 0:00:22]} 11. d4 {[%emt 0:00:12]} Nc6 {[%emt 0:13:58]} 12. Bd3 {[%emt 0:08:23]} g6 {[%emt 0:03:26]} 13. Qg4 {[%emt 0:08:39]} Be7 {[%emt 0:03:31]} 14. Bh6 {[%emt 0:03:41]} cxd4 {[%emt 0:02:05]} 15. Qf4 {[%emt 0:11:44]} Qb6 {[%emt 0:02:34]} 16. Bg7 {[%emt 0:07:26]} dxc3+ {[%emt 0:07:13]} 17. Kh1 {[%emt 0:00:01]} cxb2 {[%emt 0:02:09]} 18. Bxh8 {[%emt 0:00:09]} bxa1=Q {[%emt 0:03:36]} 19. Bxa1 {[%emt 0:02:26]} Kd7 {[%emt 0:10:45]} 20. Qf7 {[%emt 0:03:17]} Qe3 {[%emt 0:10:02]} 21. Bb5 {[%emt 0:03:06]} a6 {[%emt 0:00:23]} 22. Bxc6+ {[%emt 0:01:35]} bxc6 {[%emt 0:00:44]} 23. Bf6 {[%emt 0:00:21]} Qc5 {[%emt 0:01:27]} 24. Qxh7 {[%emt 0:01:33]} Rb8 {[%emt 0:03:11]} 25. Nd2 {[%emt 0:00:34]} Ke8 {[%emt 0:03:32]} 26. Bxe7 1-0

[Event "WSCC 50 Open 2017"]
[Site "?"]
[Date "2017.11.11"]
[Round "5"]
[White "Certek, Pavel"]
[Black "Antonio, Rogelio Jr"]
[Result "0-1"]
[WhiteElo "2295"]
[BlackElo "2431"]
[Annotator "TA"]
[PlyCount "158"]
[EventDate "2017.??.??"]
[EventType "swiss"]
[EventCountry "ITA"]
[SourceTitle "Acqui Terme"]

{[%evp 10,158,32,14,29,0,29,16,7,8,39,32,32,22,24,31,25,28,32,15,14,9,23,17,51,60,66,43,36,40,39,45,57,50,84,93,86,52,73,62,66,41,53,18,45,45,45,45,45,42,90,48,50,34,75,68,59,0,66,-23,29,17,0,0,32,29,65,65,73,73,73,73,81,65,66,66,95,24,24,24,24,24,24,24,24,24,24,24,24,24,31,0,13,0,0,-15,0,-12,0,-1,0,0,-18,-95,-98,-107,-109,-164,-158,-170,-154,-139,-134,-218,-216,-209,-166,-254,-254,-282,-268,-736,-852,-808,-662,-721,-688,-633,-535,-434,-452,-429,-417,-357,-371,-1012,-886,-1443,-1393,-1853,-1825,-1428,-1384,-807,-1549,-1583,-1388,-1223,-1170,-12829,-6049]} 1. d4 Nf6 2. Nf3 c5 3. e3 cxd4 4. exd4 d5 5. c3 Nc6 6. Bf4 {LiveBook: 167 Games} Nh5 {B13: Caro-Kann: Exchange Variation and Panov-Botvinnik Attack} (6... Bg4 7. Qb3 Na5 8. Qa4+ Bd7 9. Qc2 Nc6 10. Nbd2 Rc8 11. Qb3 Na5 12. Qd1 Nc6 13. h3 g6 14. Bd3 Bg7 {1-0 (40) Anand,V (2783)-Santos Latasa,J (2542) Leon 2017}) 7. Bc1 $146 ({Predecessor:} 7. Be3 g6 8. Be2 Bg7 9. O-O Qc7 10. Re1 O-O 11. Nbd2 Nf4 12. Bf1 Nh5 13. Nb3 Nf6 14. Bd3 {1-0 (63) Kostal,J (2377)-Dedina,M (2366) ICCF email 2008}) 7... Qc7 8. Ne5 {Black must now prevent Nxc6.} g6 {The position is equal.} 9. Nd3 Bg7 10. Be2 Nf6 11. Bf4 Qd8 12. Nd2 O-O 13. O-O Ne8 14. Bg3 Nd6 15. Re1 Nf5 16. Bf4 $36 {[%mdl 2048] Black is under pressure.} h6 17. h3 e6 18. a4 b6 19. Bf1 Bb7 20. Nf3 Nd6 21. Nde5 Ne4 22. Nxc6 Bxc6 23. Ba6 f6 24. Bh2 Qd7 25. Nh4 Qf7 26. Qc2 g5 27. Nf3 h5 28. Nd2 {[%cal Rd2e4]} f5 29. f3 Nf6 30. Bd6 Rfe8 31. Be5 h4 32. Bd3 Nh5 33. Nf1 (33. Nb3 $14) 33... Nf4 ({Better is} 33... Bxe5 $11 34. Rxe5 Nf4) 34. Ba6 (34. Bxf4 $14 gxf4 35. Qd2) 34... Ng6 (34... Bxe5 $142 35. Rxe5 Kg7) 35. Bxg7 $11 Kxg7 36. Qd2 Qf6 37. Ne3 Rad8 38. Nc2 Rg8 39. Nb4 Be8 40. Nd3 Kh8 41. Kh1 Rg7 42. Qe3 Bf7 43. Ne5 ({White should try} 43. a5 $16) 43... Nxe5 44. Qxe5 Qxe5 45. Rxe5 Bg8 46. Bd3 Rd6 47. Kg1 Kh7 48. Kf2 Kg6 49. Ree1 Kf6 50. Be2 Bf7 51. Ke3 a5 52. Reb1 Be8 53. Kd2 Re7 54. Bd3 e5 55. dxe5+ Rxe5 56. Re1 (56. b4 $11) 56... Rxe1 $17 57. Kxe1 {[%mdl 4096] Endgame KRB-KRB} d4 {...dxc3 is the strong threat.} 58. Kd2 (58. c4 $17 {was necessary.}) 58... dxc3+ $19 59. Kxc3 Bc6 60. b3 {[#]} Ke5 $1 61. Re1+ (61. Ra2 $17 {might work better.}) 61... Kf4 62. Re7 Bd5 63. Bc2 (63. Bf1 {keeps fighting.}) 63... g4 64. fxg4 fxg4 ({Much less strong is} 64... Bxg2 65. gxf5 Bxh3 66. Re2 $19) 65. Rg7 $2 (65. Bd1 gxh3 66. gxh3) 65... g3 66. Rg4+ Ke3 67. Rxh4 {If only White now had time for Rg4....} Rc6+ 68. Kb2 {and the idea Rg4 leaves White hopeful.} Bxg2 69. Rg4 Kf2 70. Rf4+ {[#]} Kg1 $1 71. h4 Rh6 72. Bd1 $2 (72. Bd3) 72... Bc6 {Black is clearly winning.} 73. h5 g2 74. Kc1 Kh2 75. Rh4+ Kg3 76. Rg4+ Kf2 (76... Kh3 $142 77. Rg7 Kh2) 77. Rf4+ Ke3 78. Rg4 Be4 79. Rg7 Rc6+ {Precision: White = 48%, Black = 65%.} 0-1

[Event "WSCC 50 Open 2017"]
[Site "?"]
[Date "2017.11.11"]
[Round "5"]
[White "Prasad, Devaki V"]
[Black "Vepkhvishvili, Varlam"]
[Result "1-0"]
[WhiteElo "2290"]
[BlackElo "2048"]
[PlyCount "77"]
[EventDate "2017.??.??"]
[EventType "swiss"]
[EventCountry "ITA"]
[SourceTitle "Acqui Terme"]
[TimeControl "40/5400+30:1800+30"]
[WhiteClock "0:07:10"]
[BlackClock "0:27:39"]

1. e4 {[%emt 0:00:00]} e5 {[%emt 0:00:06]} 2. Nf3 {[%emt 0:00:00]} Nc6 {[%emt 0:00:09]} 3. Bc4 {[%emt 0:00:12]} Be7 {[%emt 0:00:10]} 4. d4 {[%emt 0:00:23]} d6 {[%emt 0:00:15]} 5. dxe5 {[%emt 0:00:18]} dxe5 {[%emt 0:00:09]} 6. Qxd8+ {[%emt 0:00:15]} Bxd8 {[%emt 0:00:10]} 7. Nc3 {[%emt 0:00:21]} Nf6 {[%emt 0:01:15]} 8. Be3 {[%emt 0:00:19]} h6 {[%emt 0:08:43]} 9. h3 {[%emt 0:33:34]} O-O {[%emt 0:03:27]} 10. O-O-O {[%emt 0:00:06]} a6 {[%emt 0:05:21]} 11. g4 {[%emt 0:06:19]} g5 {[%emt 0:05:46]} 12. Rdg1 {[%emt 0:06:32]} Kg7 {[%emt 0:02:36]} 13. h4 {[%emt 0:09:35]} b5 {[%emt 0:19:41]} 14. hxg5 {[%emt 0:02:51]} hxg5 {[%emt 0:04:47]} 15. Bd5 {[%emt 0:01:31]} Nxd5 {[%emt 0:01:58]} 16. exd5 {[%emt 0:00:15]} Na5 {[%emt 0:05:03]} 17. Nxe5 {[%emt 0:19:09]} b4 {[%emt 0:05:31]} 18. Ne2 {[%emt 0:02:10]} Bb7 {[%emt 0:02:55]} 19. Ng3 {[%emt 0:01:08]} Bxd5 {[%emt 0:00:53]} 20. Nf5+ {[%emt 0:01:07]} Kg8 {[%emt 0:00:48]} 21. Rh6 {[%emt 0:01:10]} Re8 {[%emt 0:00:36]} 22. Nd7 {[%emt 0:01:43]} Re6 {[%emt 0:00:32]} 23. Bd4 {[%emt 0:00:23]} Rxh6 {[%emt 0:00:25]} 24. Nxh6+ {[%emt 0:00:04]} Kh7 {[%emt 0:00:35]} 25. Rg3 {[%emt 0:03:28]} f6 {[%emt 0:01:45]} 26. Rh3 {[%emt 0:01:16]} Kg6 {[%emt 0:01:05]} 27. Nf5 {[%emt 0:00:26]} Be4 {[%emt 0:01:56]} 28. Rh6+ {[%emt 0:00:40]} Kf7 {[%emt 0:00:03]} 29. Rh7+ {[%emt 0:01:22]} Kg8 {[%emt 0:02:01]} 30. Rg7+ {[%emt 0:00:22]} Kh8 {[%emt 0:00:02]} 31. Nxf6 {[%emt 0:01:08]} Bxf6 {[%emt 0:00:11]} 32. Bxf6 {[%emt 0:00:06]} Bxf5 {[%emt 0:00:12]} 33. Rxc7+ {[%emt 0:01:08]} Kg8 {[%emt 0:00:08]} 34. gxf5 {[%emt 0:00:22]} g4 {[%emt 0:00:51]} 35. Be7 {[%emt 0:00:56]} Rb8 {[%emt 0:00:26]} 36. f6 {[%emt 0:00:43]} Nb7 {[%emt 0:01:05]} 37. Bxb4 {[%emt 0:00:14]} Nd8 {[%emt 0:00:09]} 38. Rg7+ {[%emt 0:00:28]} Kh8 {[%emt 0:00:06]} 39. Bc3 {[%emt 0:00:16]} 1-0

[Event "WSCC 50 Open 2017"]
[Site "?"]
[Date "2017.11.11"]
[Round "5"]
[White "Kannenberg, Karl-Heinz"]
[Black "Bischoff, Klaus"]
[Result "0-1"]
[WhiteElo "2216"]
[BlackElo "2513"]
[Annotator "TA"]
[PlyCount "104"]
[EventDate "2017.??.??"]
[EventType "swiss"]
[EventCountry "ITA"]
[SourceTitle "Acqui Terme"]

{[%evp 9,104,18,39,18,22,16,14,11,20,1,0,-31,-27,-31,-25,-56,-46,-86,-81,-83,-80,-87,-87,-89,-77,-96,-83,-90,-94,-95,-89,-114,-87,-128,-121,-127,-109,-134,-94,-94,-94,-94,-92,-108,-79,-82,-77,-94,-89,-105,-37,-40,-37,-31,-35,-20,-8,-19,0,-26,-26,-35,-35,-35,-41,-41,-41,-41,-35,-40,-39,-40,-35,-43,-39,-80,-55,-66,-58,-125,-101,-213,-216,-568,-558,-505,-493,-832,-782,-669,-560,-29960,-12849,-29962,-12460,-12851,-29940]} 1. d4 d6 2. Nf3 g6 3. e3 Bg7 4. Be2 Nd7 5. O-O e5 6. c4 {A40: Unusual replies to 1 d4} e4 7. Ne1 $146 ({Predecessor:} 7. Nfd2 f5 8. Qb3 Ngf6 9. f3 exf3 10. Bxf3 c6 11. Nc3 O-O 12. e4 {0-1 (27) Kammers,H (2163)-Karpatchev,A (2442) Senden 2014}) 7... f5 8. Nc3 {The position is equal.} Nh6 {[%cal Bg8h6,Bh6f7,Bf7g5,Bg5f3][%mdl 32]} 9. Nc2 O-O 10. f3 exf3 11. Bxf3 Nf6 12. Qd3 Nf7 13. Nd5 Nxd5 14. Bxd5 c6 15. Bf3 Ng5 16. Bd2 d5 17. cxd5 Nxf3+ 18. Rxf3 Qxd5 19. Nb4 Qf7 20. Qa3 Qe7 (20... Be6 {seems wilder.} 21. Nd3 Bd5 22. Rg3 a5 23. Nf4 Be4) 21. Nc2 Qxa3 22. Nxa3 Be6 23. Rf2 Bd5 24. Nb1 Rad8 25. Nc3 Bc4 26. Rc1 Rfe8 27. b3 Bf7 28. Na4 Bh6 29. Re1 f4 (29... b6 $17 30. Rfe2 Bg5) 30. exf4 $15 Rxe1+ 31. Bxe1 Rxd4 32. Rd2 Re4 33. Bf2 b6 34. Nc3 Re7 35. g3 Bg7 36. Rd8+ Re8 37. Rxe8+ Bxe8 {[%mdl 4096] Endgame KBB-KBN} 38. Be1 Bd4+ 39. Kf1 c5 40. Ke2 Bc6 41. Kd3 Kf7 42. a4 a6 43. b4 Ke6 44. a5 (44. Ne2 $15) 44... bxa5 ({Much worse is} 44... cxb4 $6 45. Kxd4 bxc3 46. axb6 $11) 45. bxc5 (45. bxa5 $17 {is the only way for White.} Bg1 46. h3) 45... Bxc5 $19 46. Ne4 $2 {[#]} (46. Kc4 {is tougher.} Bg1 47. h3) 46... Bxe4+ 47. Kxe4 {KB-KB} a4 {[%cal Ba5a4,Ba4a3][%mdl 32]} 48. Bc3 (48. Kd3 $142 Bg1 49. h3) 48... a3 49. g4 Be7 {[#] And now ...Bf6 would win.} 50. f5+ gxf5+ 51. gxf5+ Kf7 52. Kd3 Bf6 {Precision: White = 41%, Black = 72%.} 0-1

[Event "WSCC 50 Open 2017"]
[Site "?"]
[Date "2017.11.11"]
[Round "5"]
[White "Koehler, Gerhard"]
[Black "Prie, Eric"]
[Result "0-1"]
[WhiteElo "2207"]
[BlackElo "2482"]
[Annotator "TA"]
[PlyCount "68"]
[EventDate "2017.??.??"]
[EventType "swiss"]
[EventCountry "ITA"]
[SourceTitle "Acqui Terme"]

{[%evp 11,68,0,0,0,0,0,11,10,6,16,9,9,16,10,24,13,7,12,11,0,5,0,0,-24,-37,-88,-87,-85,-88,-101,-107,-135,-118,-114,-111,-133,-133,-147,-106,-125,-98,-139,-98,-142,-78,-78,-78,-197,-197,-196,-196,-192,-187,-337,-339,-29988,-749,-29990,-29987]} 1. c4 Nf6 2. Nc3 e5 3. g3 Bb4 4. Bg2 O-O 5. Nf3 Re8 6. O-O h6 {LiveBook: 21 Games} 7. Ne1 {A22: English Opening: 1...e5 2 Nc3 Nf6} (7. d3 c6 8. e4 d5 9. cxd5 cxd5 10. Nxd5 Nxd5 11. exd5 Qxd5 12. Be3 Nc6 13. Nd4 Qd6 14. Nxc6 bxc6 {½-½ (31) Sadvakasov,D (2627)-Filippov,A (2620) Guangzhou 2010}) 7... c6 8. Nc2 Bxc3 9. dxc3 {The position is equal.} d5 10. cxd5 cxd5 11. Nb4 {[%cal Rb4d5]} e4 $146 ({Predecessor:} 11... d4 12. cxd4 exd4 13. e3 dxe3 14. Bxe3 Qe7 15. Qd4 Be6 16. Qc5 Qxc5 17. Bxc5 Nbd7 18. Bd4 a5 19. Nd3 {½-½ (19) Hernandez Onna,R (2460)-Haik,A (2325) Lanzarote 1976}) 12. Be3 Nc6 13. Nxc6 bxc6 14. Qa4 Bd7 15. Rad1 Qc8 16. Rfe1 Bh3 17. Bh1 Ng4 18. c4 (18. Bc5 $15) 18... Nxe3 $17 19. fxe3 Be6 20. cxd5 cxd5 21. b3 a5 22. Rc1 Qb7 23. Qd4 Rec8 24. Bg2 Qb4 25. Kf2 Qa3 26. Qd2 Rab8 27. Red1 a4 ({Better is} 27... Rxc1 28. Rxc1 a4 29. bxa4 Qxa4) 28. Rxc8+ Rxc8 29. Qa5 (29. b4 $17 {was necessary.}) 29... Qxa2 $19 30. bxa4 Rc2 31. Bf1 Rc4 32. Rd4 (32. Bg2 $142) 32... Rc1 33. Rb4 $2 {[#]} (33. Qd2 $19 Rc2 34. Qe1) 33... Kh7 (33... Qa1 $142 34. Bg2 Qf6+ 35. Bf3 Bh3 36. Rb8+ Kh7 37. Qe1 Rxe1 38. Kxe1 Qc3+ 39. Kd1 exf3 40. exf3 Bg2 41. Ke2 Qc2+ 42. Ke1 Bxf3 43. Rh8+ Kxh8 44. Kf1 Qg2+ 45. Ke1 Qe2#) 34. Rb8 Qc2 {Precision: White = 29%, Black = 70%.} 0-1

[Event "WSCC 50 Open 2017"]
[Site "?"]
[Date "2017.11.11"]
[Round "5"]
[White "Baimurzin, Aitkazy"]
[Black "Brendel, Oliver"]
[Result "*"]
[WhiteElo "2170"]
[BlackElo "2334"]
[PlyCount "99"]
[EventDate "2017.??.??"]
[EventType "swiss"]
[EventCountry "ITA"]
[SourceTitle "Acqui Terme"]
[TimeControl "40/5400+30:1800+30"]
[WhiteClock "0:11:46"]
[BlackClock "0:14:18"]

1. c4 {[%emt 0:00:12]} e5 {[%emt 0:00:18]} 2. Nc3 {[%emt 0:01:20]} Nf6 {[%emt 0:00:24]} 3. g3 {[%emt 0:00:46]} d5 {[%emt 0:00:22]} 4. cxd5 {[%emt 0:00:14]} Nxd5 {[%emt 0:00:06]} 5. Bg2 {[%emt 0:00:11]} Nb6 {[%emt 0:00:09]} 6. Nf3 {[%emt 0:00:24]} Nc6 {[%emt 0:00:11]} 7. a3 {[%emt 0:01:50]} a5 {[%emt 0:01:00]} 8. d3 {[%emt 0:02:21]} Be7 {[%emt 0:02:16]} 9. Be3 {[%emt 0:03:25]} O-O {[%emt 0:00:41]} 10. Rc1 {[%emt 0:05:10]} Be6 {[%emt 0:05:51]} 11. Na4 {[%emt 0:12:56]} e4 {[%emt 0:02:18]} 12. Nd2 {[%emt 0:06:29]} Nxa4 {[%emt 0:01:58]} 13. Qxa4 {[%emt 0:01:31]} exd3 {[%emt 0:00:13]} 14. exd3 {[%emt 0:02:54]} Ne5 {[%emt 0:12:25]} 15. O-O {[%emt 0:03:45]} Nxd3 {[%emt 0:00:08]} 16. Rc3 {[%emt 0:02:46]} Bf6 {[%emt 0:07:03]} 17. Rc2 {[%emt 0:15:51]} c6 {[%emt 0:00:30]} 18. Ne4 {[%emt 0:02:27]} Nxb2 {[%emt 0:05:15]} 19. Rxb2 {[%emt 0:04:23]} Bxb2 {[%emt 0:00:12]} 20. Bc5 {[%emt 0:00:45]} Qd3 {[%emt 0:03:15]} 21. Bxf8 {[%emt 0:06:33]} Kxf8 {[%emt 0:19:40]} 22. Nc5 {[%emt 0:07:48]} Qc4 {[%emt 0:06:01]} 23. Nxe6+ {[%emt 0:01:11]} Qxe6 {[%emt 0:00:07]} 24. Rb1 {[%emt 0:02:15]} b5 {[%emt 0:08:34]} 25. Qc2 {[%emt 0:02:11]} Bd4 {[%emt 0:10:31]} 26. Qxc6 {[%emt 0:03:49]} Rb8 {[%emt 0:00:14]} 27. Qc7 {[%emt 0:02:26]} Qb6 {[%emt 0:01:45]} 28. Qf4 {[%emt 0:00:32]} Rd8 {[%emt 0:01:06]} 29. Bf1 {[%emt 0:01:22]} b4 {[%emt 0:01:48]} 30. axb4 {[%emt 0:00:22]} axb4 {[%emt 0:00:07]} 31. Bc4 {[%emt 0:00:31]} Bf6 {[%emt 0:01:00]} 32. Ba2 {[%emt 0:02:14]} Rd4 {[%emt 0:00:32]} 33. Qe3 {[%emt 0:01:43]} Qa7 {[%emt 0:03:57]} 34. Bb3 {[%emt 0:01:56]} Rd7 {[%emt 0:00:53]} 35. Qe4 {[%emt 0:00:15]} Bc3 {[%emt 0:02:16]} 36. Qxh7 {[%emt 0:00:25]} g6 {[%emt 0:03:12]} 37. Qh6+ {[%emt 0:00:24]} Bg7 {[%emt 0:00:22]} 38. Qf4 {[%emt 0:00:21]} Qd4 {[%emt 0:00:46]} 39. Qb8+ {[%emt 0:00:39]} Rd8 {[%emt 0:00:27]} 40. Qb7 {[%emt 0:00:09]} Rd7 {[%emt 0:30:19]} 41. Qa8+ {[%emt 0:30:03]} Rd8 {[%emt 0:00:14]} 42. Qf3 {[%emt 0:00:38]} Qf6 {[%emt 0:00:00]} 43. Qg4 {[%emt 0:00:00]} Qe7 {[%emt 0:00:00]} 44. h4 {[%emt 0:00:00]} Bc3 {[%emt 0:00:00]} 45. Kg2 {[%emt 0:00:00]} Rd2 {[%emt 0:00:00]} 46. Qc8+ {[%emt 0:00:00]} Kg7 {[%emt 0:00:00]} 47. Qc4 {[%emt 0:00:00]} Qb7+ {[%emt 0:00:00]} 48. Kg1 {[%emt 0:00:00]} Bd4 {[%emt 0:00:00]} 49. Rd1 {[%emt 0:00:00]} Bxf2+ {[%emt 0:00:00]} 50. Kh2 {[%emt 0:00:00]} *

[Event "WSCC 50 Open 2017"]
[Site "?"]
[Date "2017.11.11"]
[Round "5"]
[White "Biro, Sandor"]
[Black "Buchal, Stephan"]
[Result "1/2-1/2"]
[WhiteElo "2168"]
[BlackElo "2347"]
[PlyCount "30"]
[EventDate "2017.??.??"]
[EventType "swiss"]
[EventCountry "ITA"]
[SourceTitle "Acqui Terme"]
[TimeControl "40/5400+30:1800+30"]
[WhiteClock "0:57:19"]
[BlackClock "0:37:41"]

1. e4 {[%emt 0:00:00]} d6 {[%emt 0:00:30]} 2. Nf3 {[%emt 0:00:09]} Nf6 {[%emt 0:00:03]} 3. c3 {[%emt 0:00:07]} g6 {[%emt 0:00:39]} 4. Bd3 {[%emt 0:08:54]} Bg7 {[%emt 0:01:09]} 5. Bc2 {[%emt 0:00:06]} O-O {[%emt 0:00:39]} 6. d4 {[%emt 0:00:06]} e5 {[%emt 0:06:28]} 7. O-O {[%emt 0:00:52]} Nbd7 {[%emt 0:00:55]} 8. Na3 {[%emt 0:07:05]} b6 {[%emt 0:02:35]} 9. Re1 {[%emt 0:01:22]} Bb7 {[%emt 0:06:01]} 10. Bg5 {[%emt 0:01:41]} h6 {[%emt 0:14:11]} 11. Bh4 {[%emt 0:01:13]} Qe8 {[%emt 0:10:18]} 12. Nb5 {[%emt 0:07:10]} Qb8 {[%emt 0:03:58]} 13. c4 {[%emt 0:06:55]} exd4 {[%emt 0:05:09]} 14. Nfxd4 {[%emt 0:01:54]} Re8 {[%emt 0:02:31]} 15. Nc3 {[%emt 0:02:37]} Nc5 {[%emt 0:05:13]} 1/2-1/2

[Event "WSCC 50 Open 2017"]
[Site "?"]
[Date "2017.11.11"]
[Round "5"]
[White "Madeira, Wagner Martins"]
[Black "Contin, Daniel"]
[Result "*"]
[WhiteElo "2139"]
[BlackElo "2272"]
[PlyCount "113"]
[EventDate "2017.??.??"]
[EventType "swiss"]
[EventCountry "ITA"]
[SourceTitle "Acqui Terme"]
[TimeControl "40/5400+30:1800+30"]
[WhiteClock "0:01:08"]
[BlackClock "0:28:14"]

1. e4 {[%emt 0:00:00]} e6 {[%emt 0:01:09]} 2. d4 {[%emt 0:00:00]} d5 {[%emt 0:00:05]} 3. Nc3 {[%emt 0:00:00]} Bb4 {[%emt 0:00:21]} 4. exd5 {[%emt 0:00:07]} exd5 {[%emt 0:00:07]} 5. Bd3 {[%emt 0:00:08]} Nc6 {[%emt 0:00:20]} 6. a3 {[%emt 0:00:11]} Bxc3+ {[%emt 0:00:30]} 7. bxc3 {[%emt 0:00:10]} Nce7 {[%emt 0:00:28]} 8. Qe2 {[%emt 0:13:09]} Nf6 {[%emt 0:05:58]} 9. Bg5 {[%emt 0:01:12]} Ne4 {[%emt 0:00:17]} 10. Bxe4 {[%emt 0:00:40]} dxe4 {[%emt 0:00:08]} 11. Qxe4 {[%emt 0:00:03]} f6 {[%emt 0:00:25]} 12. Bd2 {[%emt 0:10:09]} O-O {[%emt 0:14:46]} 13. Ne2 {[%emt 0:08:37]} Bf5 {[%emt 0:09:03]} 14. Qxb7 {[%emt 0:01:43]} Bxc2 {[%emt 0:06:02]} 15. O-O {[%emt 0:01:41]} c6 {[%emt 0:08:38]} 16. Nf4 {[%emt 0:02:27]} Rf7 {[%emt 0:18:28]} 17. Rfe1 {[%emt 0:06:31]} a5 {[%emt 0:01:08]} 18. Ne6 {[%emt 0:33:33]} Qc8 {[%emt 0:01:54]} 19. Qxc8+ {[%emt 0:00:39]} Rxc8 {[%emt 0:00:44]} 20. c4 {[%emt 0:01:01]} a4 {[%emt 0:01:26]} 21. Bb4 {[%emt 0:00:40]} Nf5 {[%emt 0:00:46]} 22. Rac1 {[%emt 0:05:19]} Bb3 {[%emt 0:00:03]} 23. Bc5 {[%emt 0:00:23]} Rd7 {[%emt 0:00:21]} 24. f4 {[%emt 0:02:19]} Kf7 {[%emt 0:00:33]} 25. g4 {[%emt 0:00:15]} Nh6 {[%emt 0:01:26]} 26. h3 {[%emt 0:00:28]} Re8 {[%emt 0:02:43]} 27. f5 {[%emt 0:02:07]} g6 {[%emt 0:00:56]} 28. fxg6+ {[%emt 0:06:04]} hxg6 {[%emt 0:00:03]} 29. Nf4 {[%emt 0:00:12]} Rxe1+ {[%emt 0:00:14]} 30. Rxe1 {[%emt 0:00:01]} Bxc4 {[%emt 0:00:16]} 31. Kf2 {[%emt 0:00:47]} g5 {[%emt 0:01:34]} 32. Nh5 {[%emt 0:01:34]} Rb7 {[%emt 0:02:09]} 33. Bb4 {[%emt 0:00:17]} f5 {[%emt 0:01:17]} 34. Ng3 {[%emt 0:01:36]} fxg4 {[%emt 0:00:19]} 35. Ne4 {[%emt 0:00:10]} Rd7 {[%emt 0:10:23]} 36. Nd6+ {[%emt 0:00:20]} Rxd6 {[%emt 0:00:03]} 37. Bxd6 {[%emt 0:00:07]} Nf5 {[%emt 0:00:05]} 38. Be5 {[%emt 0:02:44]} gxh3 {[%emt 0:00:39]} 39. Rg1 {[%emt 0:00:13]} Ke6 {[%emt 0:03:19]} 40. Rxg5 {[%emt 0:01:44]} c5 {[%emt 0:30:14]} 41. Rh5 {[%emt 0:02:10]} cxd4 {[%emt 0:00:00]} 42. Bf4 {[%emt 0:02:37]} Bb3 {[%emt 0:00:00]} 43. Rxh3 {[%emt 0:00:09]} Kd5 {[%emt 0:00:00]} 44. Ke2 {[%emt 0:03:14]} Ke4 {[%emt 0:00:00]} 45. Bc1 {[%emt 0:00:59]} Bc2 {[%emt 0:00:00]} 46. Kd2 {[%emt 0:07:56]} Bb3 {[%emt 0:00:00]} 47. Bb2 {[%emt 0:02:14]} Kd5 {[%emt 0:00:00]} 48. Rh5 {[%emt 0:04:01]} Ke4 {[%emt 0:00:00]} 49. Rh8 {[%emt 0:03:30]} Kd5 {[%emt 0:00:00]} 50. Rd8+ {[%emt 0:07:00]} Kc5 {[%emt 0:00:00]} 51. Rc8+ {[%emt 0:00:32]} Kd5 {[%emt 0:00:00]} 52. Rd8+ {[%emt 0:00:53]} Kc5 {[%emt 0:00:00]} 53. Rc8+ {[%emt 0:00:39]} Kd5 {[%emt 0:00:00]} 54. Rd8+ {[%emt 0:01:03]} Kc6 {[%emt 0:00:00]} 55. Rc8+ {[%emt 0:00:26]} Kd5 {[%emt 0:00:00]} 56. Rd8+ {[%emt 0:00:08]} Kc6 {[%emt 0:00:00]} 57. Rxd4 *